| 000 | 00496nam a2200169 i 4500 | ||
|---|---|---|---|
| 001 | 129585 | ||
| 003 | ES-MaACL | ||
| 005 | 20230906193530.0 | ||
| 007 | t| | ||
| 008 | 070626s1960 sp ||||1| spa d | ||
| 080 | _a106828 | ||
| 100 | 1 |
_aThivollier, P. _9109977 |
|
| 245 | 1 | 0 |
_aPolémicas religiosas. v. I _b: la religión... ¿para qué sirve? / _cPierre Thivollier. |
| 260 |
_aBarcelona : _bSubirana, _c[1960] |
||
| 300 |
_a126 p. : _bil. ; _c18 cm. |
||
| 852 |
_aES-MaACL _jC-19002 _bR.46539 |
||
| 999 |
_c129585 _d129585 |
||